| 000 | 00341nam a2200121 a 4500 | ||
|---|---|---|---|
| 005 | 20140414131852.0 | ||
| 008 | 100807s19uu xx 00 eng d | ||
| 050 |
_aM 608 _bC83 2003 |
||
| 100 | _aCox, Steve | ||
| 245 |
_aWelcome to invention mansion : _ba three-dimensional mystery. |
||
| 260 |
_aLondon : _bMacmillan, _c2003. |
||
| 999 |
_c110250 _d110250 |
||